=LDR 00000nam 2200000 4500 =001 INLIS000000000001797 =005 20130612090203 =008 ***********************************Ind** =035 ##$$0010-061300000001797 =041 ##$$a Ind =082 ##$$a 707 =090 ##$$a 707, Nur k =100 ##$$a Nurhadiat, Dedi =245 ##$$a Kerajinan tangan dan kesenian, untuk sekolah Tingkat Pertama kelas I, Dedi Nurhadiat =260 ##$$a 1994 $b Jakarta =300 ##$$a viii, 115 hlm, Ilus, 21 cm =650 ##$$a Kerajinan tangan =700 ##$$a Sanggar MGBS =850 ##$$a NBPNMAT